000 00641nam a22002297a 4500
003 UA-OsUOA
001 98952
007 ta
008 20130422b un ||||| |||| 00| 0 ukr d
100 _aРубина Р.
090 _a821.411.1
_bР82
942 _cBK
040 _aUA-OsUOA
_brus
_cUA-OsUOA
_dUA-OsUOA
245 _aВьется нить
_bрассказы, повести
300 _a423 с.
955 _a3
041 _arus
080 _a821.411.1
260 _aМ.
_bХудожественная литература
_c1982
650 7 _a82 Література. Літературознавство
_2UDC
999 _c384982
_d384982